000 00417nam a2200145Ia 4500
008 140925s9999 xx 000 0 und d
245 _aBMC Psychology /
_h[electronic resource]
260 _bBioMed Central Ltd.,
_cc2014.
516 _aElectronic text
650 _aPsychology.
830 _aBioMed Central Ltd.
856 _uhttp://www.biomedcentral.com/bmcpsychol/content
942 _cEJ
999 _c275619
_d275619